| 000 | 00505cam a2200169 4500 | ||
|---|---|---|---|
| 001 | D13129 | ||
| 008 | 090401t xxu||||| |||| 00| 0 eng d | ||
| 035 | _a(Sirsi) u7868 | ||
| 041 | _aeng | ||
| 100 | _aKarslake, H. Howard | ||
| 245 | 4 | _aThe valuer`s digest of the statutory definitions of value relating to the ownership or occupation of land; collated and annotated | |
| 260 |
_aLondon _bRating and Valuation Association _cnd |
||
| 350 | _a0 | ||
| 520 | _aShelf 117 | ||
| 942 | _n0 | ||
| 948 | _c04/03/1997 | ||
| 999 |
_c86451 _d86451 |
||